The Christian and revolution. (Record no. 32013)
[ view plain ]
| 000 -LEADER | |
|---|---|
| fixed length control field | 00562nam a2200181 4500 |
| 008 - FIXED-LENGTH DATA ELEMENTS--GENERAL INFORMATION | |
| fixed length control field | 080811s1968 pau b 000 0 eng |
| 090 ## - LOCALLY ASSIGNED LC-TYPE CALL NUMBER (OCLC); LOCAL CALL NUMBER (OCLC) | |
| Classification number (OCLC) (R) ; Classification number, CALL (RLIN) (NR) | BT738 |
| Local cutter number (OCLC) ; Book number/undivided call number, CALL (RLIN) | G43c |
| 100 1# - MAIN ENTRY--PERSONAL NAME | |
| Personal name | Gingerich, Melvin, |
| Dates associated with a name | 1902-1975. |
| 245 14 - TITLE STATEMENT | |
| Title | The Christian and revolution. |
| 260 ## - PUBLICATION, DISTRIBUTION, ETC. (IMPRINT) | |
| Place of publication, distribution, etc | Scottdale, Pa. : |
| Name of publisher, distributor, etc | Herald Press, |
| Date of publication, distribution, etc | [1968] |
| 300 ## - PHYSICAL DESCRIPTION | |
| Extent | 229 p. ; |
| Dimensions | 20 cm. |
| 490 1# - SERIES STATEMENT | |
| Series statement | The Conrad Grebel lectures, |
| Volume number/sequential designation | 1967 |
| 504 ## - BIBLIOGRAPHY, ETC. NOTE | |
| Bibliography, etc | Bibliography: p. [209]-224. |
| 650 #4 - SUBJECT ADDED ENTRY--TOPICAL TERM | |
| Topical term or geographic name as entry element | Christian sociology. |
| 951 ## - EQUIVALENCE OR CROSS-REFERENCE-GEOGRAPHIC NAME/AREA NAME [OBSOLETE] [CAN/MARC only] | |
| -- | 8702 |
| -- | BT738/G43c |
| -- | 080811161021280 |
| -- | 2000-12-21 |
| -- | GC |
| Withdrawn status | Lost status | Damaged status | Not for loan | Home library | Current library | Shelving location | Date acquired | Accession number | Shelving control number | Total Checkouts | Full call number | Date last seen | Price effective from | Koha item type |
|---|---|---|---|---|---|---|---|---|---|---|---|---|---|---|
| BSOP Library | BSOP Library | GC | 12/21/2000 | 8702 | 127 | BT738/G43c | 02/23/2013 | 02/23/2013 | Books |
